Carregant...

Vaathil

Dades bibliogràfiques
Autor principal: Rajeevan T P
Format: Printed Book
Publicat: Kannanoore Sahridaya 1996
Matèries:
LEADER 00570nam a22001931a 4500
020 |c 0.00 
040 |a SSUS - Library - Kalady 
082 |a M1  |b RAJ/V 
100 |a Rajeevan T P 
245 |a Vaathil  |h [Text] 
260 |a Kannanoore  |b Sahridaya  |c 1996 
300 |a 49p. 
600 |a Literature 
600 |a Literature Malayalam 
600 |a Poetry Malayalam 
852 |h M1  |i RAJ/V  |p 016004  |9 9.00  |t 0 
942 |c BK 
999 |c 48634  |d 48634 
952 |0 0  |1 0  |4 0  |6 M_1_000000000000000_RAJ_V  |7 0  |9 70426  |a SSUS  |b SSUS  |d 2015-01-08  |g 9.00  |o M1 RAJ/V  |p 016004  |r 2015-01-08  |v 0.00  |w 2015-01-08  |y BK